Normal view
MARC view
- PROJECT SUPERVISOR Assist. Prof. Dr. Muwahida Liaquat Mozammil Baig (NESCOM)
Entry Personal Name
001 - CONTROL NUMBER
- control field: 73057
003 - CONTROL NUMBER IDENTIFIER
- control field: NUST
005 - DATE AND TIME OF LATEST TRANSACTION
- control field: 20210628204948.0
008 - FIXED-LENGTH DATA ELEMENTS
- fixed length control field: 210628|| aca||aabn | a|a d
040 ## - CATALOGING SOURCE
- Original cataloging agency: NUST
- Transcribing agency: NUST
100 ## - HEADING--PERSONAL NAME
- Personal name: PROJECT SUPERVISOR Assist. Prof. Dr. Muwahida Liaquat Mozammil Baig (NESCOM)
670 ## - SOURCE DATA FOUND
- Source citation: Work cat.: (NUST): NC AMMAR TARIQ PC USMAN WAQAR PC AWAIS AHMAD 73056, PR-SOF-1921-Digital Current Control Unit, 220
